Państwa najbliższe Turcji. - Statystyki

Ogólne statystyki
  • Ten quiz został rozwiązany 251 razy
  • Średni wynik to 17 z 20
Statystyki odpowiedzi
km Państwo miles % Poprawnych
0 Grecja 0
95%
0 Irak 0
92%
0 Iran 0
92%
0 Bułgaria 0
90%
136 Rosja 85
90%
0 Gruzja 0
89%
0 Armenia 0
88%
0 Azerbejdżan 0
88%
69 Cypr 43
87%
285 Izrael 177
87%
198 Rumunia 123
85%
0 Syria 0
85%
274 Macedonia Północna 170
81%
125 Liban 78
79%
322 Serbia 200
79%
420 Albania 261
78%
366 Ukraina 227
77%
342 Jordania 213
76%
388 Kosowo 241
73%
387 Mołdawia 240
69%
Nie znaleziono quizów pasujących do podanych kryteriów
Rozkład punktacji
Procent ludzi z każdym wynikiem
Percentyl według liczby udzielonych odpowiedzi
Twoja historia wyników
Nie rozwiązałeś tego quizu